Spell the Marvel Hero #90 - Statistics

General Stats
  • This quiz has been taken 15 times
  • The average score is 11 of 14
Answer Stats
Picture Answer % Correct
Arana
100%
Captain America
100%
Elektra
100%
Emma Frost
100%
Iron Man
100%
Rogue
100%
American Dream
83%
Human Torch (Jim Hammond)
83%
America Chavez
67%
Makkari
67%
Alpha
58%
Crystal
58%
Zero-G
58%
Voyager
25%
No matching quizzes found
Score Distribution
Percent of People with Each Score
Percentile by Number Answered
Your Score History
You have not taken this quiz